Hollywood Walk of Fame - The One-Name Inductees - Statistics

General Stats
  • This quiz has been taken 44 times
    38 since last reset
  • The average score is 4 of 14
Answer Stats
category genre year surname
(or 1st name)
name % Correct
movies magician 1975 (Harry) Houdini
78%
television comedy 1992 Barr Roseanne
63%
television pianist 1960 Władziu Liberace
50%
recording rock 2000 Sumner Sting
50%
recording R&B 2016 Raymond Usher
41%
recording latin rock 2011 Mebarak Ripoll Shakira
38%
recording rock 2012 Hudson Slash
38%
movies actor/comedian 1980 Reyes Cantinflas
13%
movies actor 1994 Iwamatsu Mako
9%
radio comedy 1960 Einstein Parkyakarkus
6%
recording pianist 1960 (Ignacy) Paderewski
3%
movies actor 1960 Dastagir Sabu
3%
recording latin pop 2013 Sodi Miranda Thalía
3%
movies talent agent 1960 (William) Meiklejohn
0%
No matching quizzes found
Score Distribution
Percent of People with Each Score
Percentile by Number Answered
Your Score History
You have not taken this quiz since the last reset